Statistics for MAC Cosmetics Lipstick Shade Names

Click here to take the quiz!

General Stats

  • This quiz has been taken 15 times
  • The average score is 7 of 10

Answer Stats

First wordSecond word% Correct
RussianRed
100%
VelvetTeddy
85%
RubyWoo
85%
LadyDanger
69%
PleaseMe
69%
KindaSexy
69%
CandyYum-Yum
62%
SaintGermain
54%
VegasVolt
46%
AntiqueVelvet
38%

Score Distribution

Percentile by Number Answered

Percent of People with Each Score

Your Score History

You have not taken this quiz